000 00468nam a2200145Ia 4500
008 100204s9999 xx 000 0 und d
082 _b14773
100 _aशिरवळकर सुहास
245 _aमधुचंद्र्र
260 _b"बेलवलकर पब्लिशिंग कं, पुणे"
_c1991
300 _a279
630 _aमधुचंद्र्र
730 _aमधुचंद्र्र
942 _cBOOK
999 _c459204
_d459201